000
00282 a2200109 4500
001
ART_17511
005
20260410161750.0
008
260409a
245
1
0
_a
Chasing stars
100
1
_a
Groysberg, Boris
773
0
_t
Book Summary
_g
- NÂș 14 (ene. 2011)
_w
REV4099
999
_c
19580
_d
19580